=LDR 00000nam 2200000 4500 =001 INLIS000000000015701 =005 20250428014120 =035 ##$$a 0010-061300000015701 =008 250428################g##########0#ind## =041 ##$$a Ind =082 ##$$a 028.5 =090 ##$$a 028.5, lai S =100 ##$$a Laila, Nur =245 1#$$a Si Amir Ahli Pisang /$c Nur Laila =260 ##$$a Surabaya :$b Karunia,$c 1995 =300 ##$$a 72 hlm : $b ilus ; $c 21 x 15 cm =650 #4$$a Bacaan Kanak-kanak =850 ##$$a NBPNMAT =084 ##$$a 028.5 LAI s =990 ##$$a 00038930 =990 ##$$a 00038931